| 000 | 00809nam a22002177a 4500 | ||
|---|---|---|---|
| 005 | 20081022123021.0 | ||
| 008 | 081022t xxu||||| |||| 00| 0 eng d | ||
| 010 | _aENG-84319 | ||
| 020 | _a01956884338 | ||
| 020 | _c395.00 (hb) | ||
| 035 | _aEN-67852 | ||
| 082 | _a658.408 | ||
| 100 | _aMitra, Meera | ||
| 245 |
_aIt's only business! : _bIndia's corporate social responsiveness in a globalized world / _cby Meera Mitra |
||
| 260 |
_aNew Delhi _bOxford University Press |
||
| 260 | _c2007 | ||
| 300 |
_axxiii,192p _c24cm |
||
| 500 | _aIncludes bibliographical references and index | ||
| 942 |
_2ddc _cEN _h658.408 _mMIT |
||
| 999 |
_c17657 _d17657 |
||